| 000 | 00528nam a2200217Ia 4500 | ||
|---|---|---|---|
| 003 | 0100 | ||
| 008 | 130227s9999 xx 000 0 und d | ||
| 040 | _cARRUPELIB | ||
| 050 | _aBR115.R3C6 | ||
| 100 | _aCongar, Yves | ||
| 245 | 4 | _aThe Catholic Church and the race question | |
| 260 | _aParis | ||
| 260 | _bUNESCO | ||
| 260 | _C1953 | ||
| 300 | _a62p | ||
| 300 | _b 22cm | ||
| 440 | _aThe Race question & modern thought | ||
| 650 | _bTaxation- History | ||
| 650 | _cTaxation- United States- History | ||
| 942 |
_2lcc _02 |
||
| 999 |
_c166 _d166 |
||